{"text_format":"3","workbook":"xlsx","n_sheets":4,"sheets":["8","9","10","11"],"not_rendered":{"defined_names":4},"read":"whole","date_system":"1900"}

{"sheet":"8","index":0,"n_rows":19,"n_cols":14,"rows_kept":19}
["№","Фамилия","Имя","Отчество","Пол","Класс","Класс участия","предварительный балл","добаленный балл","итоговый балл","Макс. балл","Статус","Призер РЭ прошлого года","Учитель"]
[1,"Калимуллин","Карим","Ренатович","м",8,8,84,{"$nulls":3},100,null,"Сагдиева Физуня Мустакимовна"]
[2,"Ризванов","Денис","Хамитович","м",8,8,81.1,{"$nulls":3},100,null,"Сагдиева Физуня Мустакимовна"]
[3,"Гурьянова","Мария","Львовна","ж",8,8,73.5,{"$nulls":3},100,null,"Малова Ольга Николаевна"]
[4,"Нуртдинов","Замир","Ленарович","м",8,8,72.8,{"$nulls":3},100,null,"Дорофеева Ирина Викторовна"]
[5,"Башина","Милана","Владимировна","ж",8,8,72.1,{"$nulls":3},100,null,"Латыпова Лилия Захраповна"]
[6,"Сабиров","Тимур","Рамилевич","м",8,8,72.1,{"$nulls":3},100,null,"Сагдиева Физуня Мустакимовна"]
[7,"Никитин","Роман","Дмитриевич","м",8,8,69.5,{"$nulls":3},100,null,"Мухамадулин Рустем Данилович"]
[8,"Коноплев","Денис","Игоревич","м",8,8,68.8,{"$nulls":3},100,null,"Латыпова Лилия Захраповна"]
[9,"Закиров","Тимур","Алмазович","м",8,8,62.8,{"$nulls":3},100,null,"Латыпова Лилия Захраповна"]
[10,"Бурганова","Ясмина","Ренатовна","ж",8,8,57.5,{"$nulls":3},100,null,"Капёрская Ольга Викторовна"]
[11,"Андрианов","Сергей","Сергеевич","м",8,8,54.8,{"$nulls":3},100,null,"Капёрская Ольга Викторовна"]
[12,"Махортова","Юлия","Дмитриевна","ж",8,8,48.8,{"$nulls":3},100,null,"Латыпова Лилия Захраповна"]
[13,"Ахсанов","Артур","Марселевич","м",8,8,48.1,{"$nulls":3},100,null,"Мухамадулин Рустем Данилович"]
[14,"Дыранов","Алексей","Сергеевич","м",8,8,45.8,{"$nulls":3},100,null,"Мухамадулин Рустем Данилович"]
[15,"Волков","Андрей","Владиславович","м",8,8,44.7,{"$nulls":3},100,null,"Сагдиева Физуня Мустакимовна"]
[16,"Ямков","Макар","Алексеевич","м",8,8,42.5,{"$nulls":3},100,null,"Латыпова Лилия Захраповна"]
[17,"Фасхиев","Айназ","Рустемович","м",8,8,35.8,{"$nulls":3},100,null,"Денисова Нафиса Ильдаровна"]
[18,"Зотин","Дмитрий","Дмитриевич","м",8,8,29.2,{"$nulls":3},100,null,"Саушкина Наталья Владимировна"]

{"sheet":"9","index":1,"n_rows":14,"n_cols":14,"rows_kept":14}
["№","Фамилия","Имя","Отчество","Пол","Класс","Класс участия","предварительный балл","добаленный балл","итоговый балл","Макс. балл","Статус","Призер РЭ прошлого года","Учитель"]
[1,"Саматов","Бахтияр","Ирекович","м",9,9,71,null,null,100,null,"да","Латыпова Лилия Захраповна"]
[2,"Шакрамов","Булат","Рамзилевичм","м",9,9,56,null,null,100,null,null,"Латыпова Лилия Захраповна"]
[3,"Гатин","Ислам","Русланович","м",9,9,48,null,null,100,null,null,"Ахтямзянова А.Г."]
[4,"Васильев","Дмитрий","Сергеевич","м",9,9,39.5,null,null,100,null,null,"Мухамадулин Рустем Данилович"]
[5,"Драгунов","Дмитрий","Игоревич","м",9,9,31.25,null,null,100,null,null,"Хайрутдинова Разиля Саяфовна"]
[6,"Мишечкин","Матвей","Андреевич","м",9,9,27.5,null,null,100,null,null,"Малова Ольга Николаевна"]
[7,"Михеев","Булат","Евгеньевич","м",9,9,27,null,null,100,null,null,"Капёрская Ольга Викторовна"]
[8,"Абдуллин","Тимур","Талгатович","м",9,9,25.5,null,null,100,null,null,"Мухамадулин Рустем Данилович"]
[9,"Конюхов","Никита","Станиславович","м",9,9,22,null,null,100,null,null,"Мухамадулин Рустем Данилович"]
[10,"Хасанов","Инсаф","Русланович","м",9,9,20,null,null,100,null,null,"Ахтямзянова А.Г."]
[11,"Бочаров","Матвей","Евгеньевич","м",9,9,18.5,null,null,100,null,null,"Дорофеева Ирина Викторовна"]
[12,"Серебряков","Владислав","Сергеевич","м",9,9,17.75,null,null,100,null,null,"Малова Ольга Николаевна"]
[13,"Гафуров","Карим","Айратович","м",9,9,9.25,null,null,100,null,null,"Капёрская Ольга Викторовна"]

{"sheet":"10","index":2,"n_rows":11,"n_cols":14,"rows_kept":11}
["№","Фамилия","Имя","Отчество","Пол","Класс","Класс участия","предварительный балл","добаленный балл","итоговый балл","Макс. балл","Статус","Призер РЭ прошлого года","Учитель"]
[1,"Гильмуллина","Гульшат","Маратовна","ж",10,10,78.5,null,null,100,null,"да","Латыпова Лилия Захраповна"]
[2,"Сабирова","Лейсан","Айратовна","ж",10,10,57.26,null,null,100,null,null,"Капёрская Ольга Викторовна"]
[3,"Бакиров","Азат","Алмазович","м",10,10,54.93,null,null,100,null,null,"Фомина Татьяна Георгиевна"]
[4,"Нурхаметов","Булат","Ильдарович","м",10,10,53.43,null,null,100,null,null,"Малова Ольга Николаевна"]
[5,"Насибуллин","Арслан","Ильнарович","м",10,10,52.16,null,null,100,null,null,"Алешина Асия Фаизовна"]
[6,"Бабихина","Алина","Николаевна","ж",10,10,51.76,null,null,100,null,null,"Капёрская Ольга Викторовна"]
[7,"Кужабеков","Радмир","Альбертович","м",10,10,45.13,null,null,100,null,null,"Мухамадулин Рустем Данилович"]
[8,"Силос","Игорь","Евгеньевич","м",10,10,43.56,null,null,100,null,null,"Алешина Асия Фаизовна"]
[9,"Митрофанова","Алина","Ильнаровна","ж",10,10,36.5,null,null,100,null,null,"Денисова Нафиса Ильдаровна"]
[10,"Миликов","Азат","Анвярович","м",10,10,31.85,null,null,100,null,null,"Мухамадулин Рустем Данилович"]

{"sheet":"11","index":3,"n_rows":10,"n_cols":14,"rows_kept":10}
["№","Фамилия","Имя","Отчество","Пол","Класс","Класс участия","предварительный балл","добаленный балл","итоговый балл","Макс. балл","Статус","Призер РЭ прошлого года","Учитель"]
[1,"Савельев","Захар","Антонович","м",11,11,85,null,null,100,null,"да","Латыпова Лилия Захраповна"]
[2,"Зубаирова","Милана","Ринатовна","ж",11,11,69.4,null,null,100,null,"да","Латыпова Лилия Захраповна"]
[3,"Камалов","Расул","Ильсурович","м",11,11,68,null,null,100,null,null,"Латыпова Лилия Захраповна"]
[4,"Николаев","Илья","Дмитриевич","м",11,11,63,null,null,100,null,"да","Латыпова Лилия Захраповна"]
[5,"Насибуллин","Ильдан","Ирекович","м",11,11,57.4,null,null,100,null,null,"Латыпова Лилия Захраповна"]
[6,"Иванов","Евгений ","Олегович","м",11,11,51.6,null,null,100,null,null,"Хайрутдинова Разиля Саяфовна"]
[7,"Аблакатов","Сергей","Алексеевич","м",11,11,50.6,null,null,100,null,null,"Сагдиева Физуня Мустакимовна"]
[8,"Реимов","Вадим","Андреевич","м",11,11,47.6,null,null,100,null,null,"Сагдиева Физуня Мустакимовна"]
[9,"Лихачев","Кирилл","Сергеевич","м",11,11,40.4,null,null,100,null,null,"Хайрутдинова Разиля Саяфовна"]